000 00204nam a2200097Ia 4500
008 190216s9999||||xx |||||||||||||| ||und||
100 _aSethunath
245 0 _aKarutha Kunju
260 _bNull
942 _cBK
999 _c24069
_d24069